[Event "C.to di Varese"]
[Site "Varese ITA"]
[Date "2012.10.08"]
[Round "1"]
[White "Bacchini, Stefano"]
[Black "Colombo, Alberto"]
[WhiteElo "1958"]
[BlackElo "2090"]
[Result "0-1"]
[PlyCount "78"]
[EventDate "2012.10.08"]

{139MB, Fritz8.ctg} 1. d4 1... Nf6 2. c4 c5 3. d5 b5 4. Nc3 bxc4 5. e4 d6 6.
Nf3 g6 7. Be2 Bg7 8. O-O O-O 9. Bg5 h6 10. Bh4 Nbd7 11. h3 Rb8 12. Rb1 Nb6 13.
e5 dxe5 14. Nxe5 Bb7 15. Nxc4 Nbxd5 16. Nxd5 Bxd5 17. b3 Ne4 18. Rc1 Bd4 19.
Kh2 f5 20. f3 Qc7+ 21. f4 g5 22. Bg3 Kg7 23. Ne5 Nxg3 24. Kxg3 gxf4+ 25. Kh2
Qxe5 26. Bf3 Bxf3 27. Rxf3 Rbd8 28. Kh1 Be3 29. Qe2 Rd2 30. Qe1 Rfd8 31. Rf1
Qe4 32. Rf3 Rxa2 33. Rc4 Qe5 34. Ra4 Rc2 35. Rc4 Rdd2 36. Rxc2 Rxc2 37. Rxe3
Qxe3 38. Qa1+ Kg6 39. Qa6+ e6 0-1

[Event "C.to di Varese"]
[Site "Varese ITA"]
[Date "2012.10.08"]
[Round "1"]
[White "Centofante, Maria Rosa"]
[Black "Corniani, Stefano"]
[WhiteElo "1560"]
[BlackElo "1392"]
[Result "1-0"]
[PlyCount "87"]
[EventDate "2012.10.08"]

{139MB, Fritz8.ctg} 1. d4 1... d5 2. Nf3 Nc6 3. c4 dxc4 4. Nc3 Nf6 5. e4 e5 6.
d5 Nd4 7. Nxd4 exd4 8. Qxd4 Bb4 9. Bxc4 c6 10. O-O O-O 11. a3 Bxc3 12. bxc3 Nh5
13. e5 f6 14. dxc6+ Kh8 15. cxb7 Bxb7 16. exf6 gxf6 17. Be3 Qc8 18. Be2 Qc6 19.
f3 Rfd8 20. Qb4 Qb6 21. Bxb6 axb6 22. Qxb6 Rab8 23. Qe3 Rg8 24. Rf2 Rg5 25. f4
Rb5 26. Bxb5 Bd5 27. c4 Ba8 28. Rd1 f5 29. Qe5+ Kg8 30. Qxb8+ Kg7 31. Qxa8 Nf6
32. Rd8 Kg6 33. Qc6 Kh5 34. Qf3+ Kh4 35. g3+ Kh3 36. Qg2+ Kg4 37. h3+ Kh5 38.
Be8+ Kh6 39. Qc6 Kg7 40. Rfd2 Nxe8 41. Qxe8 h5 42. Qh8+ Kg6 43. R2d6+ Kf7 44.
Qh7# 1-0

[Event "C.to di Varese"]
[Site "Varese ITA"]
[Date "2012.10.08"]
[Round "1"]
[White "D'Aulisa, Francesco"]
[Black "Gerosa, Ottavio"]
[WhiteElo "1760"]
[BlackElo "1481"]
[Result "1-0"]
[PlyCount "75"]
[EventDate "2012.10.08"]

{139MB, Fritz8.ctg} 1. e4 1... d5 2. exd5 Qxd5 3. d4 Bf5 4. Nf3 c6 5. Be2 Nd7
6. O-O e6 7. c4 Qa5 8. h3 h5 9. Bf4 Ngf6 10. Nc3 Bb4 11. Nb1 O-O-O 12. a3 e5
13. dxe5 Nxe5 14. Qb3 Bd6 15. Bd2 Qc7 16. Qa4 Kb8 17. Ba5 b6 18. Bc3 Nxf3+ 19.
Bxf3 Be4 20. Bxf6 Bxf3 21. Bxd8 Qxd8 22. g3 Qd7 23. Qb3 Be4 24. Nd2 Bf5 25.
Rad1 Bxh3 26. Ne4 Bxf1 27. Nxd6 Bh3 28. c5 b5 29. Nxb5 Qb7 30. Nd4 Rd8 31.
Nxc6+ Kc7 32. Qxb7+ Kxb7 33. Nxd8+ Kc7 34. Nxf7 Kc6 35. b4 g6 36. Ne5+ Kc7 37.
Nxg6 Bg4 38. Rd6 1-0

[Event "C.to di Varese"]
[Site "Varese ITA"]
[Date "2012.10.08"]
[Round "1"]
[White "Mazzarone, Maurizio"]
[Black "Cordiano, Franco"]
[WhiteElo "1912"]
[BlackElo "1533"]
[Result "1-0"]
[PlyCount "83"]
[EventDate "2012.10.08"]

{139MB, Fritz8.ctg} 1. d4 1... h6 2. Nf3 Nf6 3. Bf4 Nd5 4. Bg3 e6 5. e3 Bd6 6.
Ne5 Bxe5 7. Bxe5 Nf6 8. Bd3 d6 9. Bg3 a6 10. Nd2 Nc6 11. c3 Bd7 12. O-O e5 13.
Re1 e4 14. Nxe4 Nxe4 15. Bxe4 Qe7 16. Bd3 d5 17. e4 O-O-O 18. exd5 Qxe1+ 19.
Qxe1 Rhe8 20. Qd2 Na7 21. Qf4 Kb8 22. Qxc7+ Ka8 23. Kf1 Nb5 24. Qf4 f6 25. Re1
Rxe1+ 26. Kxe1 Na7 27. Kd2 f5 28. Qc7 Rc8 29. Qxd7 h5 30. Bxf5 h4 31. Bxh4 g6
32. Bxg6 a5 33. Bf5 a4 34. Qxa4 Rh8 35. Bg3 b5 36. Qa6 b4 37. d6 bxc3+ 38. bxc3
Rh6 39. Bc8 Rh7 40. Qb6 Rd7 41. Bxd7 Nc8 42. Qc6+ 1-0

[Event "C.to di Varese"]
[Site "Varese ITA"]
[Date "2012.10.08"]
[Round "1"]
[White "Nipote, Mario"]
[Black "Nai, Giovanni"]
[WhiteElo "1521"]
[BlackElo "1852"]
[Result "0-1"]
[PlyCount "96"]
[EventDate "2012.10.08"]

{139MB, Fritz8.ctg} 1. d4 1... d5 2. c4 dxc4 3. e4 e5 4. d5 Bd6 5. Bxc4 f5 6.
Nc3 Nf6 7. f3 O-O 8. Nge2 f4 9. Bd2 a6 10. a3 Nh5 11. Qc2 Qh4+ 12. Kd1 Nd7 13.
Be1 Qg5 14. Nc1 b5 15. Ba2 Nb6 16. Nd3 Bd7 17. Rg1 Nc4 18. Bxc4 bxc4 19. Nb4 a5
20. Nc6 Bxc6 21. dxc6 Bc5 22. Bf2 Rad8+ 23. Nd5 Bxf2 24. Qxf2 Nf6 25. Qc5 Qh5
26. Qxc4 Qxh2 27. Ke2 Nxd5 28. exd5 Rd6 29. Rad1 Re8 30. b4 axb4 31. axb4 e4
32. fxe4 f3+ 33. Kxf3 Rf8+ 34. Ke3 Qg3+ 35. Kd4 Re8 36. Kc5 Qf2+ 37. Qd4 Qf8
38. Kc4 Rf6 39. Qd3 Rf4 40. Rde1 Qe7 41. Re3 Qd8 42. Rf1 Rg4 43. Qc2 Qa8 44.
Ref3 Rgxe4+ 45. Kb3 Re3+ 46. Rxe3 Rxe3+ 47. Kb2 Qa3+ 48. Kb1 Rb3+ 0-1

[Event "C.to di Varese"]
[Site "Varese ITA"]
[Date "2012.10.08"]
[Round "1"]
[White "Randi, Renzo"]
[Black "Tosetto, Flavio"]
[WhiteElo "1410"]
[BlackElo "1646"]
[Result "0-1"]
[PlyCount "108"]
[EventDate "2012.10.08"]

{139MB, Fritz8.ctg} 1. e4 1... e5 2. Nf3 Nc6 3. Nc3 Bb4 4. Nd5 d6 5. c3 Ba5 6.
b4 Bb6 7. Bb5 Bd7 8. a4 a6 9. Bd3 Ba7 10. a5 Nf6 11. h3 O-O 12. Nh2 Qc8 13.
Nxf6+ gxf6 14. Qh5 Qd8 15. Ng4 Kh8 16. Qh6 Rg8 17. Be2 Rg6 18. Qh5 Ne7 19. Nh6
Qf8 20. Nf5 Nxf5 21. exf5 Rxg2 22. Bg4 Bxf2+ 23. Kf1 Bc6 24. d3 Bg3 25. Be3 Bh2
26. Re1 Rc2 27. Bf3 Qg8 28. Qg4 Bxf3 29. Qxg8+ Rxg8 30. Rxh2 Rxh2 31. Bg1 Rh1
32. Kf2 Bd5 33. c4 Rg2+ 34. Ke3 Bc6 35. b5 axb5 36. cxb5 Bxb5 37. Rb1 Rhxg1 38.
Rxb5 Rg3+ 39. Kd2 Rxh3 40. Rxb7 Rh2+ 41. Ke3 Rg3+ 42. Ke4 Re2+ 43. Kd5 Rxd3+
44. Kc6 Rc2+ 45. Kd7 Ra3 46. Ra7 e4 47. Ke7 e3 48. Kxf7 h5 49. Ra8+ Kh7 50.
Kxf6 e2 51. Re8 Rxa5 52. Re7+ Kh6 53. Rg7 Rxf5+ 54. Kxf5 Kxg7 0-1

[Event "C.to di Varese"]
[Site "Varese ITA"]
[Date "2012.10.08"]
[Round "1"]
[White "Schingaro, Angelo"]
[Black "Brioschi, Camillo"]
[WhiteElo "1704"]
[BlackElo "1795"]
[Result "0-1"]
[PlyCount "45"]
[EventDate "2012.10.08"]

1. e4 e5 2. Nf3 Nc6 3. d4 exd4 4. Nxd4 Bc5 5. Nxc6 bxc6 6. Bd3 d6 7. O-O Nf6 8.
h3 h6 9. Nc3 O-O 10. Na4 Bb6 11. Nxb6 axb6 12. b3 Ba6 13. Bb2 Bxd3 14. Qxd3 Re8
15. Rfe1 Re6 16. a4 Qe7 17. Bxf6 Qxf6 18. f3 Rae8 19. c4 Qe5 20. Red1 Qg3 21.
Qf1 Rg6 22. Kh1 Re5 23. Qe1 0-1

[Event "C.to di Varese"]
[Site "Varese ITA"]
[Date "2012.10.08"]
[Round "1"]
[White "Virgilio, Gianluca"]
[Black "Invernici, Marco"]
[WhiteElo "1838"]
[BlackElo "1503"]
[Result "1-0"]
[PlyCount "79"]
[EventDate "2012.10.08"]

{139MB, Fritz8.ctg} 1. c4 1... e5 2. g3 Nf6 3. Bg2 Bc5 4. Nc3 c6 5. e3 O-O 6.
Nge2 d5 7. d4 exd4 8. exd4 Bb6 9. cxd5 Nxd5 10. Nxd5 cxd5 11. O-O Nc6 12. Be3
Bg4 13. Rc1 Qd7 14. Re1 Bh3 15. Bh1 Ba5 16. Bd2 Bxd2 17. Qxd2 Rfe8 18. Qg5 Be6
19. Nf4 h6 20. Qh5 Nxd4 21. Bxd5 Bxd5 22. Nxd5 Qd6 23. Rcd1 Rxe1+ 24. Rxe1 Rd8
25. Nc3 Qc6 26. Re3 Nc2 27. Re7 Qf6 28. Nd5 Rxd5 29. Re8+ Kh7 30. Qxd5 Qxb2 31.
Qf5+ g6 32. Qxf7+ Qg7 33. Re7 Qxf7 34. Rxf7+ Kg8 35. Rxb7 Nd4 36. Rxa7 Nc6 37.
Rc7 Na5 38. a4 g5 39. Kg2 h5 40. Kf3 1-0

[Event "C.to di Varese"]
[Site "Varese ITA"]
[Date "2012.10.15"]
[Round "2"]
[White "Brioschi, Camillo"]
[Black "Mazzarone, Maurizio"]
[WhiteElo "1795"]
[BlackElo "1912"]
[Result "0-1"]
[PlyCount "54"]
[EventDate "2012.10.08"]

{139MB, Fritz8.ctg} 1. d4 1... Nf6 2. c4 c5 3. d5 b5 4. cxb5 a6 5. f3 d6 6. e4
axb5 7. Bxb5+ Bd7 8. Bxd7+ Nbxd7 9. Nc3 g6 10. Nge2 Bg7 11. O-O O-O 12. f4 Qb6
13. Kh1 c4 14. Ng3 Nc5 15. e5 Nfd7 16. Nge4 dxe5 17. f5 Nxe4 18. Nxe4 Nf6 19.
Qe2 Nxe4 20. Qxe4 Qd4 21. Qxd4 exd4 22. fxg6 hxg6 23. Kg1 Rfd8 24. Kf2 Rxd5 25.
Ke2 d3+ 26. Kd1 d2 27. Bxd2 Rad8 0-1

[Event "C.to di Varese"]
[Site "Varese ITA"]
[Date "2012.10.15"]
[Round "2"]
[White "Colombo, Alberto"]
[Black "D'Aulisa, Francesco"]
[WhiteElo "2090"]
[BlackElo "1760"]
[Result "1-0"]
[PlyCount "83"]
[EventDate "2012.10.08"]

{139MB, Fritz8.ctg} 1. d4 1... e6 2. e4 d6 3. Nf3 h6 4. Bd3 a6 5. O-O Nd7 6.
Bf4 Ne7 7. Nbd2 g5 8. Bg3 Rg8 9. c4 b6 10. Qe2 Bb7 11. e5 Ng6 12. Be4 Qc8 13.
exd6 cxd6 14. Qe3 Be7 15. Rac1 e5 16. Bxb7 Qxb7 17. dxe5 dxe5 18. Nxe5 Bc5 19.
Qe1 Ndxe5 20. Bxe5 Kf8 21. Ne4 Nxe5 22. Nxc5 Nf3+ 23. gxf3 bxc5 24. Qe4 Qc8 25.
Rfe1 Ra7 26. Rcd1 Kg7 27. Rd5 Rc7 28. Qg4 Qb7 29. b3 Qb4 30. Qe4 Qb6 31. Qe5+
Kh7 32. Rd6 Qa5 33. Re2 Rg6 34. Rd8 Re6 35. Qf5+ Kg7 36. Rxe6 fxe6 37. Qxe6 Rf7
38. Rd6 Qc7 39. Qxh6+ Kg8 40. Rxa6 Qb8 41. Rg6+ Rg7 42. Qxg7# 1-0

[Event "C.to di Varese"]
[Site "Varese ITA"]
[Date "2012.10.15"]
[Round "2"]
[White "Colusso, Ermes"]
[Black "Centofante, Maria Rosa"]
[WhiteElo "1692"]
[BlackElo "1560"]
[Result "1-0"]
[PlyCount "82"]
[EventDate "2012.10.08"]

1. e4 d5 2. exd5 Qxd5 3. Nc3 Qa5 4. g3 c6 5. Bg2 Nf6 6. h3 Bf5 7. d3 e6 8. a3
Nbd7 9. Nge2 Bd6 10. O-O O-O 11. b3 Nd5 12. Ne4 Be7 13. Bb2 N5f6 14. N2c3 Rad8
15. Qe2 Qc7 16. b4 a6 17. Rad1 e5 18. Kh2 Rfe8 19. Qf3 Bg6 20. Rfe1 Nxe4 21.
Nxe4 f5 22. Nd2 Bf6 23. Qe2 e4 24. Bxf6 Nxf6 25. dxe4 fxe4 26. Kg1 Rd4 27. c3
Rd3 28. Nxe4 Bxe4 29. Bxe4 Rxd1 30. Bxh7+ Kxh7 31. Qc2+ Re4 32. Rxd1 Kh8 33.
Kg2 Qe7 34. Rd2 Re6 35. Qd1 Kg8 36. g4 Nd5 37. c4 Nf4+ 38. Kh2 Qh4 39. Rd8+ Kh7
40. Qc2+ Kh6 41. Rh8+ Kg5 1-0

[Event "C.to di Varese"]
[Site "Varese ITA"]
[Date "2012.10.15"]
[Round "2"]
[White "Corniani, Stefano"]
[Black "Nipote, Mario"]
[WhiteElo "1392"]
[BlackElo "1521"]
[Result "0-1"]
[PlyCount "54"]
[EventDate "2012.10.08"]

{139MB, Fritz8.ctg} 1. e4 1... c6 2. Nc3 d5 3. exd5 cxd5 4. d4 Nf6 5. Bg5 Nc6
6. Nf3 Bg4 7. Qe2 Nxd4 8. Qd3 Nxf3+ 9. gxf3 Be6 10. Bg2 Qa5 11. O-O Rd8 12.
Bxf6 exf6 13. f4 d4 14. f5 dxc3 15. Qxc3 Qxc3 16. bxc3 Bd5 17. Rfe1+ Be7 18.
Rab1 Bxg2 19. Rxb7 Bxb7 20. h4 Rd5 21. c4 Rxf5 22. a4 Kd7 23. Rd1+ Kc8 24. c5
Bxc5 25. c4 Rxf2 26. Rf1 Rg2+ 27. Kh1 Rd2+ 0-1

[Event "C.to di Varese"]
[Site "Varese ITA"]
[Date "2012.10.15"]
[Round "2"]
[White "Gerosa, Ottavio"]
[Black "Schingaro, Angelo"]
[WhiteElo "1481"]
[BlackElo "1704"]
[Result "0-1"]
[PlyCount "68"]
[EventDate "2012.10.08"]

{139MB, Fritz8.ctg} 1. c4 1... Nf6 2. Nc3 g6 3. g3 Bg7 4. Nf3 O-O 5. Bg2 d6 6.
O-O Nbd7 7. d4 e5 8. d5 a5 9. e4 Nc5 10. Bg5 h6 11. Bxf6 Bxf6 12. a3 a4 13. Nd2
Bg7 14. b4 axb3 15. Nxb3 b6 16. Nxc5 bxc5 17. Qd2 f5 18. f4 exf4 19. Rxf4 Qf6
20. Rf3 Ba6 21. Qd3 Qd4+ 22. Qe3 Qxe3+ 23. Rxe3 Bd4 24. Rae1 Bxc4 25. exf5 Rxf5
26. Kh1 Bxe3 27. Rxe3 Rxa3 28. h4 Kf7 29. Bh3 Ra1+ 30. Kh2 Rf2+ 31. Bg2 Bf1 32.
Rf3+ Rxf3 33. Bxf3 Ra3 34. Be2 Bxe2 0-1

[Event "C.to di Varese"]
[Site "Varese ITA"]
[Date "2012.10.15"]
[Round "2"]
[White "Nai, Giovanni"]
[Black "Cova, Ennio"]
[WhiteElo "1852"]
[BlackElo "1690"]
[Result "1/2-1/2"]
[PlyCount "23"]
[EventDate "2012.10.08"]

{139MB, Fritz8.ctg} 1. e4 1... e5 2. Nf3 Nc6 3. Bb5 a6 4. Ba4 Nf6 5. O-O b5 6.
Bb3 Be7 7. c3 d6 8. Re1 O-O 9. d4 Bb7 10. Nbd2 Re8 11. Ng5 Rf8 12. Ngf3 1/2-1/2

[Event "C.to di Varese"]
[Site "Varese ITA"]
[Date "2012.10.15"]
[Round "2"]
[White "Tosetto, Flavio"]
[Black "Virgilio, Gianluca"]
[WhiteElo "1646"]
[BlackElo "1838"]
[Result "0-1"]
[PlyCount "66"]
[EventDate "2012.10.08"]

{139MB, Fritz8.ctg} 1. e4 1... c5 2. d4 cxd4 3. Qxd4 Nc6 4. Qe3 d6 5. Bc4 Nf6
6. Nf3 g6 7. O-O Bg7 8. Nc3 a6 9. Bd2 b5 10. Bb3 O-O 11. e5 dxe5 12. Nxe5 Nxe5
13. Qxe5 Qxd2 14. Qxe7 Qd7 15. Rfe1 Qxe7 16. Rxe7 Bf5 17. Rd1 Rae8 18. Ra7 Bc8
19. Rc7 Be6 20. Ra7 Bxb3 21. axb3 Ra8 22. Rb7 Rfd8 23. Re1 Rd7 24. Rxd7 Nxd7
25. Re7 Rd8 26. Kf1 Kf8 27. Re3 Nc5 28. b4 Na4 29. Nxa4 bxa4 30. c3 Rd2 31. Re2
Rd1+ 32. Re1 Rxe1+ 33. Kxe1 Bxc3+ 0-1

[Event "C.to di Varese"]
[Site "Varese ITA"]
[Date "2012.10.22"]
[Round "3"]
[White "Centofante, Maria Rosa"]
[Black "Tosetto, Flavio"]
[WhiteElo "1560"]
[BlackElo "1646"]
[Result "0-1"]
[PlyCount "76"]
[EventDate "2012.10.08"]

{139MB, Fritz8.ctg} 1. d4 1... g6 2. Nf3 Bg7 3. c4 d6 4. Nc3 Nf6 5. e4 O-O 6.
Be2 b6 7. O-O Bb7 8. h3 Nxe4 9. Be3 Nd7 10. Bd3 Nef6 11. Qd2 Re8 12. Ng5 e5 13.
d5 Nc5 14. Nge4 Nfxe4 15. Nxe4 Nxe4 16. Bxe4 f5 17. Bc2 f4 18. Bxf4 exf4 19.
Qxf4 Bxb2 20. Rab1 Be5 21. Qg4 Qf6 22. f4 Bd4+ 23. Kh2 Bc8 24. f5 g5 25. h4 h6
26. hxg5 hxg5 27. Qh5 Kg7 28. Qxe8 Bxf5 29. Qh5 Rh8 30. g4 Rxh5+ 31. gxh5 Qh6
32. Rxf5 Qxh5+ 33. Kg2 Qe2+ 34. Kg3 Be5+ 35. Kh3 Qxc2 36. Rbf1 Qh2+ 37. Kg4
Qg3+ 38. Kh5 Qh4# 0-1

[Event "C.to di Varese"]
[Site "Varese ITA"]
[Date "2012.10.22"]
[Round "3"]
[White "Cova, Ennio"]
[Black "Colusso, Ermes"]
[WhiteElo "1690"]
[BlackElo "1692"]
[Result "0-1"]
[PlyCount "74"]
[EventDate "2012.10.08"]

{139MB, Fritz8.ctg} 1. e4 1... c5 2. c3 e6 3. Nf3 d5 4. exd5 exd5 5. d4 Nc6 6.
Be2 Bd6 7. O-O Nge7 8. Be3 Nf5 9. Bg5 f6 10. dxc5 Bxc5 11. Bf4 O-O 12. b4 Bb6
13. a4 a6 14. Nbd2 Be6 15. Qb3 Bc7 16. Bxc7 Qxc7 17. Bd3 Nd6 18. Rfe1 Qf7 19.
Rac1 Rfe8 20. Qb1 g6 21. Nb3 Rad8 22. Nc5 Bf5 23. b5 axb5 24. axb5 Ne5 25. Nxe5
fxe5 26. Qb4 b6 27. Bxf5 bxc5 28. Bxg6 cxb4 29. Bxf7+ Kxf7 30. cxb4 Nxb5 31.
Rc5 Nd4 32. Rb1 Re7 33. h3 Rb7 34. g4 Ke6 35. Kg2 Rdb8 36. f4 exf4 37. Re1+ Kd6
0-1

[Event "C.to di Varese"]
[Site "Varese ITA"]
[Date "2012.10.22"]
[Round "3"]
[White "D'Aulisa, Francesco"]
[Black "Bacchini, Stefano"]
[WhiteElo "1760"]
[BlackElo "1958"]
[Result "0-1"]
[PlyCount "130"]
[EventDate "2012.10.08"]

1. e4 c5 2. f4 Nc6 3. Nf3 b6 4. Bc4 e6 5. O-O Bb7 6. c3 Nge7 7. a3 Ng6 8. d3
Be7 9. b4 O-O 10. f5 exf5 11. exf5 Nge5 12. Nxe5 Nxe5 13. Bb3 Qc7 14. bxc5 Qc6
15. Rf2 Bh4 16. Rc2 Rae8 17. Be3 Nc4 18. Bxc4 Rxe3 19. Re2 Rfe8 20. Raa2 Bf2+
21. Rxf2 Re1+ 22. Rf1 Rxd1 23. Rxd1 Qxc5+ 24. Rf2 d5 25. Ba2 Re2 26. d4 Qe7 27.
Kf1 Rxf2+ 28. Kxf2 h6 29. g3 Qe4 30. Bb3 Qxf5+ 31. Kg1 Qe4 32. Kf2 Ba6 33. Re1
Qd3 34. Bxd5 Qc2+ 35. Kg1 g6 36. Be4 Bd3 37. Bxd3 Qxd3 38. Kf2 Kg7 39. Kg1 a5
40. Kg2 b5 41. Kf2 b4 42. cxb4 axb4 43. axb4 Qxd4+ 44. Ke2 Qxb4 45. Nd2 Qg4+
46. Kf2 h5 47. Nf3 Qb4 48. h4 f6 49. Re2 Kf7 50. Rd2 Ke7 51. Re2+ Kd7 52. Rd2+
Kc7 53. Rc2+ Kb7 54. Rd2 Qb6+ 55. Ke2 Qe6+ 56. Kf2 Ka6 57. Re2 Qf7 58. Rc2 Ka7
59. Rd2 g5 60. Nd4 Ka8 61. Nc6 Qg6 62. Ne7 Qb1 63. Nd5 Qc1 64. Ra2+ Kb7 65.
Nxf6 65... Qc5+ $138 0-1

[Event "C.to di Varese"]
[Site "Varese ITA"]
[Date "2012.10.22"]
[Round "3"]
[White "Invernici, Marco"]
[Black "Corniani, Stefano"]
[WhiteElo "1503"]
[BlackElo "1392"]
[Result "1-0"]
[PlyCount "35"]
[EventDate "2012.10.08"]

{139MB, Fritz8.ctg} 1. e4 1... e5 2. Nf3 Nc6 3. Bb5 Nf6 4. Nc3 Bb4 5. d4 exd4
6. Nxd4 Nxd4 7. Qxd4 O-O 8. e5 Bxc3+ 9. Qxc3 Nd5 10. Qf3 Nb4 11. Bd3 d5 12. O-O
Be6 13. Qh5 Nxd3 14. cxd3 g6 15. Qh6 d4 16. Bg5 Qd7 17. Bf6 Qd5 18. Qg7# 1-0

[Event "C.to di Varese"]
[Site "Varese ITA"]
[Date "2012.10.22"]
[Round "3"]
[White "Mazzarone, Maurizio"]
[Black "Colombo, Alberto"]
[WhiteElo "1912"]
[BlackElo "2090"]
[Result "1-0"]
[PlyCount "90"]
[EventDate "2012.10.08"]

{139MB, Fritz8.ctg} 1. d4 1... Nf6 2. Nf3 c5 3. c3 e6 4. Bf4 b6 5. e3 Bb7 6.
Nbd2 Be7 7. h3 O-O 8. Bd3 d5 9. Ne5 Nbd7 10. Qf3 Qc8 11. g4 cxd4 12. exd4 Nxe5
13. Bxe5 Ba6 14. Bc2 Nd7 15. Bf4 Bf6 16. Qe3 e5 17. dxe5 Bxe5 18. Bxe5 Nxe5 19.
O-O-O Re8 20. Qd4 Bb7 21. Rhe1 Qc7 22. Re3 Ng6 23. Nf3 Qc5 24. Rde1 Rxe3 25.
Qxe3 Qxe3+ 26. Rxe3 Kf8 27. Kd2 Nf4 28. Nd4 Ba6 29. Rf3 g5 30. Bxh7 Kg7 31. Bc2
Bf1 32. h4 Kf6 33. h5 Re8 34. Re3 Rd8 35. Bf5 a5 36. Nc6 Rh8 37. Bc2 Ne6 38.
Re5 Bg2 39. Rf5+ Kg7 40. Ke3 f6 41. f3 Nf4 42. Rxf4 Re8+ 43. Re4 dxe4 44. Bxe4
Bf1 45. Nd4 Bc4 1-0

[Event "C.to di Varese"]
[Site "Varese ITA"]
[Date "2012.10.22"]
[Round "3"]
[White "Nipote, Mario"]
[Black "Gerosa, Ottavio"]
[WhiteElo "1521"]
[BlackElo "1481"]
[Result "0-1"]
[PlyCount "126"]
[EventDate "2012.10.08"]

{139MB, Fritz8.ctg} 1. d4 1... Nf6 2. c4 e6 3. Nc3 b6 4. Nf3 Bb7 5. Bf4 Bb4 6.
e3 Ne4 7. Qc2 Nxc3 8. bxc3 Bxf3 9. gxf3 Be7 10. Bg2 Nc6 11. O-O Bg5 12. Bg3 Rb8
13. Rfd1 Ne7 14. f4 Bh6 15. Bh4 f6 16. d5 exd5 17. cxd5 d6 18. Rab1 Qd7 19. Bg3
Nf5 20. Bf1 a6 21. Rb3 b5 22. a4 Nxg3 23. fxg3 O-O 24. Rdb1 Qe8 25. Qd3 c6 26.
dxc6 Qxc6 27. Bg2 Qc5 28. Qd5+ Kh8 29. Qxc5 dxc5 30. axb5 axb5 31. Rxb5 Rxb5
32. Rxb5 Rc8 33. Bd5 g5 34. Kf2 gxf4 35. gxf4 Bg7 36. Ke2 f5 37. Kd3 h5 38. Kc4
Re8 39. Kd3 Bf8 40. Ra5 Rd8 41. Kc4 Kg7 42. Ra7+ Kf6 43. h4 Re8 44. Ra6+ Kg7
45. Be6 Re7 46. Rd6 Rc7 47. Rd7+ Rxd7 48. Bxd7 Kf6 49. Kd5 Kg6 50. Ke6 c4 51.
Kd5 Be7 52. Kxc4 Bxh4 53. Kd3 Be7 54. c4 h4 55. Bc6 Bc5 56. Bf3 h3 57. e4 fxe4+
58. Kxe4 h2 59. f5+ Kf6 60. Kf4 Bd6+ 61. Kg4 Bc5 62. Bd5 Bd6 63. Be6 h1=Q 0-1

[Event "C.to di Varese"]
[Site "Varese ITA"]
[Date "2012.10.22"]
[Round "3"]
[White "Schingaro, Angelo"]
[Black "Randi, Renzo"]
[WhiteElo "1704"]
[BlackElo "1410"]
[Result "1-0"]
[PlyCount "101"]
[EventDate "2012.10.08"]

{139MB, Fritz8.ctg} 1. e4 1... e5 2. Nf3 Nc6 3. d4 f6 4. d5 Nb8 5. c4 Na6 6.
Nc3 Bb4 7. Bd2 Nc5 8. Qc2 d6 9. a3 Bxc3 10. Bxc3 Bd7 11. b4 Ba4 12. Qb1 Nd7 13.
Bd3 Ne7 14. O-O Ng6 15. g3 O-O 16. Rc1 h5 17. h4 Rf7 18. Bd2 c6 19. Be3 Ne7 20.
Qb2 g6 21. Qd2 c5 22. Kg2 Rh7 23. Ng1 Kf7 24. Ne2 Nb6 25. bxc5 dxc5 26. Bxc5
Nd7 27. Be3 b6 28. Nc3 Nc5 29. Bxc5 bxc5 30. Nxa4 Rc8 31. Rab1 g5 32. Rh1 Kg6
33. Rb5 a6 34. Rb6 a5 35. Qxg5+ Kf7 36. Qxf6+ Ke8 37. Qxe5 Rf7 38. Qxh5 Kf8 39.
e5 Nxd5 40. Qh8+ Ke7 41. Qxd8+ Rxd8 42. cxd5 Rxd5 43. Bc4 Rxe5 44. Rb7+ Kd6 45.
Bxf7 Kc6 46. Rb6+ Kc7 47. Rhb1 Re4 48. Nxc5 Re2 49. Bd5 Rd2 50. Bf3 Rc2 51.
Rc6+ 1-0

[Event "C.to di Varese"]
[Site "Varese ITA"]
[Date "2012.10.22"]
[Round "3"]
[White "Virgilio, Gianluca"]
[Black "Nai, Giovanni"]
[WhiteElo "1838"]
[BlackElo "1852"]
[Result "1/2-1/2"]
[PlyCount "129"]
[EventDate "2012.10.08"]

1. c4 e5 2. g3 c6 3. Bg2 d5 4. Nf3 e4 5. Nd4 Nf6 6. Nc3 a6 7. cxd5 cxd5 8. d3
exd3 9. Qxd3 Nc6 10. O-O h6 11. a3 Be7 12. b4 O-O 13. Bb2 Ne5 14. Qc2 Nc4 15.
Nxd5 Nxb2 16. Nxe7+ Qxe7 17. Qxb2 Bg4 18. Rac1 Rad8 19. Rc2 Qd7 20. e3 Bh3 21.
Rfc1 Bxg2 22. Kxg2 Qd5+ 23. Nf3 Ne4 24. Qe5 g5 25. Qxd5 Rxd5 26. Rc7 g4 27. Nd4
b5 28. R7c6 Ra8 29. Rxh6 a5 30. f3 gxf3+ 31. Kxf3 Nd2+ 32. Ke2 Nc4 33. Nxb5
Rxb5 34. Rxc4 Kg7 35. Rhh4 axb4 36. axb4 Ra3 37. Rhg4+ Kf8 38. h4 Re5 39. Rce4
Rf5 40. Rgf4 Rd5 41. Kf3 Kg7 42. Kg4 Ra6 43. Rf5 Rg6+ 44. Kf4 Rd1 45. Rg5 Rf1+
46. Kg4 f5+ 47. Kh5 Rxg5+ 48. Kxg5 fxe4 49. b5 Rf3 50. b6 Rxe3 51. Kf4 Rb3 52.
Kxe4 Rxb6 53. Kf5 Rb5+ 54. Kf4 Kf6 55. g4 Rb4+ 56. Kg3 Ke5 57. h5 Rb3+ 58. Kh4
Kf4 59. h6 Rg3 60. h7 Rxg4+ 61. Kh5 Rg1 62. Kh6 Kf5 63. h8=Q Rh1+ 64. Kg7 Rxh8
65. Kxh8 1/2-1/2

[Event "C.to di Varese"]
[Site "Varese ITA"]
[Date "2012.10.29"]
[Round "4"]
[White "Brioschi, Camillo"]
[Black "Bacchini, Stefano"]
[WhiteElo "1795"]
[BlackElo "1958"]
[Result "1-0"]
[PlyCount "99"]
[EventDate "2012.10.08"]

1. d4 e6 2. c4 c5 3. d5 Be7 4. e4 Nf6 5. d6 Bxd6 6. Qxd6 Nxe4 7. Qf4 Qa5+ 8.
Bd2 Nxd2 9. Qxd2 Qxd2+ 10. Nxd2 Nc6 11. Ngf3 Nb4 12. Kd1 b6 13. a3 Nc6 14. Ne4
O-O 15. Nd6 Na5 16. Kc2 Nb7 17. Rd1 Na5 18. Nxc8 Raxc8 19. Rxd7 Nc6 20. Be2 f6
21. Rhd1 e5 22. b3 e4 23. Ng1 Nd4+ 24. Kc3 a5 25. f3 Rcd8 26. Rd5 Rde8 27. Bf1
exf3 28. Nxf3 Re3+ 29. Rd3 Ne2+ 30. Bxe2 Rxe2 31. Rd2 Re3+ 32. R5d3 Rfe8 33.
Rxe3 Rxe3+ 34. Kb2 Re6 35. Ng1 Kf7 36. Ne2 g5 37. Nc3 Kg6 38. Re2 Rd6 39. Nd5
Kh6 40. g4 Kg6 41. Kc2 b5 42. Ne7+ Kf7 43. Nf5 Rd7 44. cxb5 Kf8 45. Re6 Kf7 46.
Rc6 Rd5 47. b6 a4 48. bxa4 c4 49. b7 h5 50. Rc7+ 1-0

[Event "C.to di Varese"]
[Site "Varese ITA"]
[Date "2012.10.29"]
[Round "4"]
[White "Colombo, Alberto"]
[Black "Virgilio, Gianluca"]
[WhiteElo "2090"]
[BlackElo "1838"]
[Result "1-0"]
[PlyCount "43"]
[EventDate "2012.10.08"]

{139MB, Fritz8.ctg} 1. e4 1... c5 2. c3 d5 3. exd5 Qxd5 4. d4 g6 5. dxc5 Qxc5
6. Be3 Qc7 7. Nf3 Bg7 8. Nbd2 Nf6 9. Bd4 O-O 10. Be5 Qc6 11. Nc4 Qc5 12. b4 Qd5
13. Ne3 Qxd1+ 14. Rxd1 Nc6 15. Nd5 Nxe5 16. Nxe7+ Kh8 17. Nxe5 Be6 18. Bb5 a6
19. Ba4 b5 20. Bb3 Bxb3 21. axb3 Rfe8 22. Nxf7# 1-0

[Event "C.to di Varese"]
[Site "Varese ITA"]
[Date "2012.10.29"]
[Round "4"]
[White "Colusso, Ermes"]
[Black "Mazzarone, Maurizio"]
[WhiteElo "1692"]
[BlackElo "1912"]
[Result "0-1"]
[PlyCount "62"]
[EventDate "2012.10.08"]

{139MB, Fritz8.ctg} 1. e4 1... e6 2. d4 d5 3. Nd2 Nf6 4. Bd3 dxe4 5. Nxe4 Nbd7
6. Nf3 Nxe4 7. Bxe4 Nf6 8. Bd3 c5 9. c3 cxd4 10. cxd4 Be7 11. O-O O-O 12. Re1
Bd7 13. Ne5 Rc8 14. Bf4 Bc6 15. Nxc6 Rxc6 16. Be5 Bd6 17. Re3 Bxe5 18. dxe5 Nd5
19. Bxh7+ Kxh7 20. Qh5+ Kg8 21. Rh3 f5 22. Qh7+ Kf7 23. Qh5+ Ke7 24. Qg5+ Kd7
25. Qxg7+ Kc8 26. Qh6 Kb8 27. a3 Rg8 28. Rg3 Rh8 29. Qg5 Qc8 30. h4 Rc4 31. h5
Nf4 0-1

[Event "C.to di Varese"]
[Site "Varese ITA"]
[Date "2012.10.29"]
[Round "4"]
[White "Corniani, Stefano"]
[Black "Cordiano, Franco"]
[WhiteElo "1392"]
[BlackElo "1533"]
[Result "0-1"]
[PlyCount "28"]
[EventDate "2012.10.08"]

1. e4 d5 2. exd5 Qxd5 3. d4 Nf6 4. Nf3 Bg4 5. Nc3 Qe6+ 6. Be3 Nc6 7. Bb5 Rd8 8.
Ng5 Qf5 9. Qd3 h6 10. Nge4 a6 11. Bxc6+ bxc6 12. O-O Qg6 13. f3 Bh3 14. Rfd1
Qxg2# 0-1